Cenníkové listy smerných orientačných cien 1994. : 825-4 Objekty podzemné - tunely.

Uložené v:
Podrobná bibliografia
Médium: Kniha
Jazyk:Slovak
Vydané: Bratislava : Cenekon - obchodná organizácia spol. s r.o., 1993
Vydanie:1. vyd.
Témy:
ISBN: (brož.)
Fyzický popis: S. 23-78.
Tagy: Pridať tag
Žiadne tagy, Buďte prvý kto otaguje tento záznam!

MARC

LEADER 00000nam a2200000 a 4500
001 000074313
003 SVKK
005 20010430000000.0
008 991022s1993 xo e sloo
020 |a (brož.) 
040 |a SVKKK  |b slo  |c SVKKK  |e AACR2 
041 0 |a slo 
044 |a xo  |c SK 
080 |a 338.532.414:624.19  |2 1997 
080 |a 624.19(085.7)  |2 1997 
245 0 0 |a Cenníkové listy smerných orientačných cien 1994. :  |b 825-4 Objekty podzemné - tunely. 
250 |a 1. vyd. 
260 |a Bratislava :  |b Cenekon - obchodná organizácia spol. s r.o.,  |c 1993 
300 |a S. 23-78. 
653 0 |a práce stavebné  |2 SVKKKPH 
653 0 |a objekty podzemné  |2 SVKKKPH 
653 0 |a tunely  |2 SVKKKPH 
653 0 |a cenníky  |2 SVKKKPH 
655 7 |a cenníky  |2 SVKKKPH 
910 |a svkkk 
974 |a MI  |d 19991022 
974 |a PA  |d 19991022 
974 |a PA  |d 20010430 
998 |a BK 
090 |g SCKHL  |k Sklad Pribinova 2. posch.  |a III.162869  |j 870861  |i 2720455812  |s Absenčne